Statistics for Flags of US States that Start with M

Click here to take the quiz!

General Stats

  • This quiz has been taken 10 times
  • The average score is 6 of 8

Answer Stats

Answer% Correct
Maryland
100%
Mississippi
100%
Michigan
78%
Montana
78%
Maine
67%
Minnesota
67%
Missouri
67%
Massachusetts
56%

Score Distribution

Percentile by Number Answered

Percent of People with Each Score

Your Score History

You have not taken this quiz